|
|
|
|
| LEADER |
01500nam a22003137a 4500 |
| 001 |
43054 |
| 003 |
BD-DhAAL |
| 008 |
240909t2014 bg a|||| |||| 00| 0 ben d |
| 020 |
|
|
|a 9789848690215
|
| 040 |
|
|
|a BD-DhAAL
|c BD-DhAAL
|
| 041 |
|
|
|a ben
|
| 082 |
|
|
|a 914.2
|2 23
|
| 100 |
|
|
|a বড়ুয়া, জ্যোতি বিকাশ.
|9 19759
|
| 245 |
|
|
|a ইউরোপ ভ্রমণ (ইউরোপের কয়েকটি দেশ) /
|c জ্যোতি বিকাশ বড়ুয়া.
|
| 246 |
|
|
|a Europe bhraman
|
| 250 |
|
|
|a প্রথম প্রকাশ.
|
| 264 |
|
|
|a ঢাকা :
|b মুক্তদেশ প্রকাশন,
|c ২০১৪.
|
| 300 |
|
|
|a ১৫২ পৃষ্ঠা :
|b চিত্র ;
|c ২২ সে.মি.
|
| 541 |
|
|
|a Donated by Jyoti Bikash Barua (author)
|e 43054
|
| 651 |
|
|
|a Great Britain
|x Description and travel.
|9 28549
|
| 651 |
|
|
|a England
|x Description and travel.
|9 56762
|
| 651 |
|
|
|a Europe
|x Description and travel.
|9 54097
|
| 651 |
|
|
|a Germany
|x Description and travel.
|9 55993
|
| 651 |
|
|
|a Austria
|x Description and travel.
|9 56763
|
| 651 |
|
|
|a Paris (France)
|x Description and travel.
|9 56764
|
| 852 |
|
|
|a Ayesha Abed Library
|c General Stacks
|
| 942 |
|
|
|2 ddc
|c BK
|
| 999 |
|
|
|c 46962
|d 46962
|
| 952 |
|
|
|0 0
|1 0
|2 ddc
|4 0
|6 914_200000000000000_BAR
|7 0
|9 76168
|a BRACUL
|b BRACUL
|c GEN
|d 2024-09-09
|e Donated by Jyoti Bikash Barua (author)
|g 300.00
|l 0
|o 914.2 BAR
|p 3010043054
|r 2024-09-09
|t 1
|w 2024-09-09
|y BK
|x Donated by Jyoti Bikash Barua (author)
|